000 00704nam a2200193Ia 4500
003 GCL
008 140319s9999 xx 000 0 ara d
040 _aGCL /
_cGCL
082 0 4 _aق
_b962.064
_bم ح
100 1 _aمحمد حسنين هيكل
245 1 0 _aحوارات حول الازمة /
_cمحمد حسنين هيكل
260 _aالقاهرة :
_bدار الحسام للطباعة والنشر ،
_c1997
300 _a64 ص ؛
_c24 سم
490 _aالهيئة العامة للاستعلامات
_v0
650 0 4 _aالاحوال السياسية
650 0 4 _aمحمد حسنين هيكل
650 0 4 _aمصر - تاريخ - العصر الحديث (1805 - 1956 )
942 _2ddc
_cBK
999 _c52026
_d52026